Bienvenue au Catalogue en Ligne des Bibliothèques de l'Universite du Burundi

Les conceptions cognitives de la personnalité (Record no. 27558)

000 -GUIDE
Champ de contrôle de longueur fixe 01046nam a22002657a 4500
003 - IDENTITÉ DU NUMÉRO DE CONTRÔLE
Champ de contrôle BI-BuBU
008 - ÉLÉMENTS DE LONGUEUR FIXE - RENSEIGNEMENTS GÉNÉRAUX
Champ de contrôle de longueur fixe 140416t1985 fr ||||dr|||| 001 0 fre d
020 ## - INTERNATIONAL STANDARD BOOK NUMBER
ISBN 2130388671
037 ## - SOURCE D'ACQUISITION
Source d'acquisition et du numéro d'inventaire Achat
039 ## - NIVEAU DE CONTRÔLE BIBLIOGRAPHIQUE ET HISTORIQUE D'ENCODAGE [OBSOLETE]
Date creation 2014041602472.0
Nom catalographe Béatrice Barankeba
040 ## - SOURCE DU CATALOGAGE
Organisme qui a effectué le catalogage original BI-BuBU
Code de la langue utilisée dans le catalogage fre
Organisme qui a effectué la transcription BI-BuBU
080 ## - INDICE DE LA CLASSIFICATION DÉCIMALE UNIVERSELLE (CDU)
Indice de la Classification décimale universelle 159.923.2
100 1# - VEDETTE PRINCIPALE - NOM DE PERSONNE
Code de relation aut
Nom de personne Huteau, Michel
245 14 - MENTION DU TITRE
Titre Les conceptions cognitives de la personnalité
Mention de responsabilité, etc. Michel Huteau, ... ; préf. de Maurice Reuchlin
260 ## - PUBLICATION, DIFFUSION, ETC. (ADRESSE BIBLIOGRAPHIQUE)
Lieu de publication, diffusion, etc. Paris
Nom de l'éditeur, diffuseur, etc. Presses Universitaires de France
Date of publication, distribution, etc 1985
300 ## - DESCRIPTION MATÉRIELLE
Collation 332 p.
Dimensions 22 cm.
440 #0 - MENTION DE COLLECTION / VEDETTE SECONDAIRE DE TITRE
Titre Psychologie d'aujourd'hui
9 (RLIN) 89905
504 ## - NOTE DE BIBLIOGRAPHIE ET INDEX.
Note de bibliographie et index. Bibliogr., index
650 #7 - VEDETTE-MATIÈRE - NOM COMMUN
Source du terme BI-BuBU
Vedette de sujet ou vedette comportant un nom géographique Personnalité
Subdivision générale Conception
9 (RLIN) 89906
700 1# - VEDETTE SECONDAIRE - NOM DE PERSONNE
Code de relation pbd
Nom d'auteur Reuchlin, Maurice
9 (RLIN) 89904
942 ## - ÉLÉMENTS D'ENTRÉE ADDITIONNELLE (KOHA)
Source de la classification ou du système de rangement
Type d item koha BOOK
Holdings
Statut de retrait Statut de perte Source de la classification ou du système de rangement Statut de déterioration Exclu du prêt Numéro d item Koha Localisation permanente Localisation actuelle Date d'acquisition Source d'acquisition Nombre de prêts Cote Code-barres Date last seen Numéro d'exemplaire Prix / coût de remplacement Prix en vigueur à partir du Type d item koha
          40122 Bibliothèque de la Faculté de Psychologie et Sciences de l’Education Bibliothèque de la Faculté de Psychologie et Sciences de l’Education 16/04/2014 Achat   159.923.2 HUT. 5050000018029 16/04/2014 1 0.00 16/04/2014 BOOK
          40123 Bibliothèque de la Faculté de Psychologie et Sciences de l’Education Bibliothèque de la Faculté de Psychologie et Sciences de l’Education 16/04/2014 Achat   159.923.2 HUT. 5050000018012 16/04/2014 2 0.00 16/04/2014 BOOK
© 2019-2026 - Bibliothèques de l'Université du Burundi |Tous droits réservés
home | Pour toute information urgente Contactez nous | tel whatsupp: +25779204313